Entry Nombre personal
001 - NÚMERO DE CONTROL
- campo de control: 175829
003 - IDENTIFICADOR DE NÚMERO DE CONTROL
- campo de control: SpMaBN
005 - FECHA Y HORA DE LA ÚLTIMA TRANSACCIÓN
- campo de control: 20240126220628.0
008 - ELEMENTOS DE DATO DE LONGITUD-FIJA
- campo de control de longitud fija: 030618n| aijnnaabn |n aac
016 ## - NÚMERO DE CONTROL DE UNA AGENCIA BIBLIOGRÁFICA NACIONAL
- Número de control del registro: BNE20031647187
040 ## - FUENTE DE CATALOGACIÓN
- Centro catalogador/agencia de origen: SpMaBN
- Lengua de catalogación: spa
- Centro/agencia transcriptor: SpMaBN
- Normas de descripción: rdc
- Convención/Normas de encabezamiento de materia/tesauro: embne
046 ## - FECHAS CON CODIFICACIÓN ESPECIAL
- Fecha de nacimiento: 1969
100 1# - ENCABEZAMIENTO-NOMBRE DE PERSONA
- Nombre de persona: Moyes, Jojo,
- Fechas asociadas al nombre: 1969-
670 ## - FUENTE DE DATOS ENCONTRADOS
- Cita de la fuente: Regreso a Irlanda, 2003
- Información encontrada: port. (Jojo Moyes) solapa (n. 1969; periodista y escritora)
